• 首页
  • 本馆介绍
  • 公告通知
  • 最新文献
  • 馆藏检索
  • 电子资源
  • 读者导购
  • 参考咨询
  • 我的图书馆
  • 登录
  • 详细信息显示
  • 放入我的书架
  • 预约/预借图书
  • 作者相关作品
  • 分类相关作品
  • 丛书相关作品
  • 出版社相关作品

书目信息

  • 表格格式
  • 工作单格式
  • 卡片格式
题名:
哇!沙拉的教科书
    
 
作者: ;食帖番组 著
分册:  
出版信息: 北京   中信出版集团股份有限公司  2017.11
页数: 229页
开本: 26cm
丛书名:
单 册:
中图分类: TS972.118
科图分类:
主题词: 沙拉--sha la--菜谱
电子资源:
ISBN: 978-7-5086-8153-5
000 01031nam0 2200265 450
001 0106081914
005 20201106082047.0
010    @a978-7-5086-8153-5@dCNY68.00
100    @a20181129e20202017em y0chiy50 ea
101 0  @achi@eeng
102    @aCN@b110000
105    @aa z 001yy
106    @ar
200 1  @a哇!沙拉的教科书@Awa!sha la de jiao ke shu@dWow! 100 super salads@f食帖番组著@zeng
210    @a北京@c中信出版集团股份有限公司@d2017.11@h2020.04
215    @a229页@c照片@d26cm
300    @a食帖
304    @a本书无题名页,200字段信息取自封面
330    @a本书内含100道公认美味的沙拉食谱,以及整套沙拉进阶方法:6步沙拉搭配法则、24款百搭沙拉酱汁、10套沙拉加分技巧、16种特别食材科普。全书按果蔬、肉类、海鲜、豆谷种子四类划分,每道食谱都包含制作技巧、营养成分、口味特色、食材知识等健康辅助信息。
510 1  @aWow! 100 super salads@zeng
606 0  @a沙拉@Asha la@x菜谱
690    @aTS972.118@v5
711 02 @a食帖番组@Ashi tie fan zu@4著
801  0 @aCN@bBJSZM@c20201106
905    @b1194416-9@dTS972.118@e600@f4
    
    哇!沙拉的教科书=Wow! 100 super salads/食帖番组著.-北京:中信出版集团股份有限公司,2017.11(2020.04)
    229页:照片;26cm
    食帖
    
    ISBN 978-7-5086-8153-5:CNY68.00
    本书内含100道公认美味的沙拉食谱,以及整套沙拉进阶方法:6步沙拉搭配法则、24款百搭沙拉酱汁、10套沙拉加分技巧、16种特别食材科普。全书按果蔬、肉类、海鲜、豆谷种子四类划分,每道食谱都包含制作技巧、营养成分、口味特色、食材知识等健康辅助信息。
●
相关链接 在E读中查询图书 在五车中查询图书 在当当中查询图书 在豆瓣中查询图书


正题名:哇!沙拉的教科书     索取号:TS972.118/600         预约/预借

序号 登录号 条形码 馆藏地/架位号 状态 备注
1 1194416   211944164   第二样本阅览室/ [索取号:TS972.118/600] 在馆    
2 1194417   211944173   第三借阅区/ [索取号:TS972.118/600] 在馆    
3 1194418   211944182   第三借阅区/ [索取号:TS972.118/600] 在馆    
4 1194419   211944191   第三借阅区/ [索取号:TS972.118/600] 在馆    
唐山师范学院图书馆 欢迎您!
大连网信软件有限公司© 版权所有